County Towns of Counties of Ireland - Statistics

General Stats
  • This quiz has been taken 28 times
    18 since last reset
  • The average score is 21 of 32
Answer Stats
Hint Answer % Correct
Cork Cork
100%
Clare Ennis
91%
Kilkenny Kilkenny
91%
Limerick Limerick/Newcastle West
91%
Wicklow Wicklow
91%
Armagh Armagh
82%
Dublin Dublin
82%
Louth Dundalk
82%
Longford Longford
82%
Tyrone Omagh
82%
Sligo Sligo
82%
Waterford Waterford
82%
Wexford Wexford
82%
Carlow Carlow
73%
Fermanagh Enniskillen
73%
Galway Galway
73%
Mayo Castlebar
64%
Cavan Cavan
64%
Down Downpatrick
64%
Monaghan Monaghan
64%
Antrim Ballymena/Carrickfergus
55%
Tipperary Nenagh/Clonmel
55%
Laois Portlaoise
55%
Roscommon Roscommon
55%
Kerry Tralee
55%
Offaly Tullamore/Philipstown
55%
Kildare Naas
45%
Meath Navan/Trim
45%
Donegal Lifford
36%
Westmeath Mullingar
36%
Leitrim Carrick-on-Shannon
27%
Derry Coleraine
27%
No matching quizzes found
Score Distribution
Percent of People with Each Score
Percentile by Number Answered
Your Score History
You have not taken this quiz since the last reset